| 000 | 00613aam a2200229 4500 | ||
|---|---|---|---|
| 005 | 20241211150343.0 | ||
| 008 | 150408b2007 mx ||||| |||| 00| 0 spa d | ||
| 020 | _a9789688608227 | ||
| 041 | _aESP | ||
| 082 | _a612.6 M977i | ||
| 100 |
_aMurillo Gamboa, Margarita _932282 |
||
| 245 | _aCómo enseñar sexualidad: para aprender el lenguaje de la sexualidad y enseñarlo | ||
| 260 | _aMéxico | ||
| 260 | _bPax | ||
| 260 | _c2007 | ||
| 300 | _a155 páginas | ||
| 650 | _aEDUCACION SEXUAL | ||
| 650 | _aSEXUALIDAD | ||
| 650 | _aIDENTIDAD PSICOSEXUAL | ||
| 650 | _aEDADES SEXUALES | ||
| 942 |
_cBK _2ddc |
||
| 999 |
_c4359 _d4359 |
||